The World's Top 20 Rated Ice Cream Flavors - Statistics

General Stats
  • This quiz has been taken 315 times
  • The average score is 9 of 20
Answer Stats
Rank Flavor % Correct
#2 Vanilla
100%
#1 Chocolate
99%
#3 Strawberry
98%
#14 Mint
77%
#12 Cookie Dough
60%
#8 Cookies & Cream
59%
#9 Coffee
56%
#6 Banana
54%
#10 Pistachio
46%
#7 Mango
42%
#20 Blueberry
41%
#19 Peanut Butter
40%
#5 Coconut
30%
#18 Bubble Gum
27%
#16 Cotton Candy
22%
#17 Salted Caramel
21%
#4 Matcha
12%
#15 Pumpkin
8%
#13 Avocado
4%
#11 Ube
4%
No matching quizzes found
Score Distribution
Percent of People with Each Score
Percentile by Number Answered
Your Score History
You have not taken this quiz